<?xml version="1.0" encoding="UTF-8"?>
<record
    xmlns:xsi="http://www.w3.org/2001/XMLSchema-instance"
    xsi:schemaLocation="http://www.loc.gov/MARC21/slim http://www.loc.gov/standards/marcxml/schema/MARC21slim.xsd"
    xmlns="http://www.loc.gov/MARC21/slim">

  <leader>00908nam a2200241 i 4500</leader>
  <controlfield tag="001">24140</controlfield>
  <controlfield tag="003">ES-MaACL</controlfield>
  <controlfield tag="005">20250801094941.0</controlfield>
  <controlfield tag="007">t|</controlfield>
  <controlfield tag="008">021216m19281931fr           ||||1| fre d</controlfield>
  <datafield tag="245" ind1="0" ind2="0">
    <subfield code="a">Anthologie palatine / </subfield>
    <subfield code="c">texte &#xE9;tabli et traduit par Pierre Waltz  ; en collaboration avec Jean Guillon.</subfield>
  </datafield>
  <datafield tag="260" ind1=" " ind2=" ">
    <subfield code="a">Par&#xED;s : </subfield>
    <subfield code="b">Les Belles Lettres, </subfield>
    <subfield code="c">1928-1931 (</subfield>
    <subfield code="e">Chartres : </subfield>
    <subfield code="f">Durand)</subfield>
  </datafield>
  <datafield tag="300" ind1=" " ind2=" ">
    <subfield code="a">3 v. ; </subfield>
    <subfield code="c">20 cm.</subfield>
  </datafield>
  <datafield tag="490" ind1="1" ind2=" ">
    <subfield code="a">Universit&#xE9;s de France. Anthologie grecque ; </subfield>
    <subfield code="v">Premi&#xE8;re partie</subfield>
  </datafield>
  <datafield tag="505" ind1="8" ind2=" ">
    <subfield code="a">Contiene: 1. Livres I-IV -  2. Livre V  - 3. Livre VI</subfield>
  </datafield>
  <datafield tag="650" ind1="0" ind2="4">
    <subfield code="a">Lengua griega-</subfield>
    <subfield code="v">Textos.</subfield>
    <subfield code="9">14250</subfield>
  </datafield>
  <datafield tag="650" ind1=" " ind2="7">
    <subfield code="a">Literatura griega</subfield>
    <subfield code="2">embne</subfield>
    <subfield code="9">14597</subfield>
  </datafield>
  <datafield tag="700" ind1="1" ind2=" ">
    <subfield code="a">Waltz, Pierre.</subfield>
    <subfield code="9">116028</subfield>
  </datafield>
  <datafield tag="700" ind1="1" ind2=" ">
    <subfield code="a">Guillon, Jean.</subfield>
    <subfield code="9">148463</subfield>
  </datafield>
  <datafield tag="830" ind1="1" ind2=" ">
    <subfield code="a">Universit&#xE9;s de France. Anthologie grecque ; </subfield>
    <subfield code="v">Premi&#xE8;re partie</subfield>
    <subfield code="9">229074</subfield>
  </datafield>
  <datafield tag="852" ind1=" " ind2=" ">
    <subfield code="a">ES-MaACL</subfield>
    <subfield code="j">C-6839-41</subfield>
  </datafield>
  <datafield tag="999" ind1=" " ind2=" ">
    <subfield code="c">24140</subfield>
    <subfield code="d">24140</subfield>
  </datafield>
  <datafield tag="952" ind1=" " ind2=" ">
    <subfield code="0">0</subfield>
    <subfield code="1">0</subfield>
    <subfield code="4">0</subfield>
    <subfield code="7">0</subfield>
    <subfield code="a">ATENEOM</subfield>
    <subfield code="b">ATENEOM</subfield>
    <subfield code="c">SPAL</subfield>
    <subfield code="d">2008-01-17</subfield>
    <subfield code="e">SC</subfield>
    <subfield code="l">0</subfield>
    <subfield code="o">C-6839-41</subfield>
    <subfield code="p">1024883</subfield>
    <subfield code="r">2023-02-23 00:00:00</subfield>
    <subfield code="w">2023-02-23</subfield>
    <subfield code="y">MONOGRAFIA</subfield>
  </datafield>
</record>
